000
00245nam a2200097Ia 4500
001
719878
005
20250826163221.0
008
250824s9999 xx 000 0 und d
245
0
_a
KUSURSUZ PLAN
_c
CLIVE CUSSLER
260
_b
ALTIN KİTAPLAR YAYINLARI
999
_c
719878
_d
719878